000 00789nam a2200217Ia 4500
003 GCL
005 20240530104308.0
008 140319s9999 xx 000 0 ara d
040 _aGCL /
_cGCL
082 0 4 _a910.03
_bج ح
100 1 _aالجامعة العالمية للعلوم الاسلامية
245 1 2 _aالحضارة الانسانية بين التصور الدينى والنظريات الوضعية /
_cالجامعة العالمية للعلوم الاسلامية
300 _a283 ص
490 _a100 قصة
_v0
650 0 4 _aالاسلام
650 0 4 _aالحضارة
650 0 4 _aالثقافة
650 0 4 _aالحضارات الزراعية فى مصر والعر
700 1 _aقسم الدراسات والبحوث العلمية
942 _2ddc
_cBK
999 _c46271
_d46271